000
00285nam a22001337a 4500
008
180302b xxu||||| |||| 00| 0 eng d
020
_a
0866837809
041
_a
eng
080
_a
316
100
_a
50
101
_a
SOC
245
_a
Creationism Ontrial
_c
Gilkey, L
942
_2
udc
_c
BK
999
_c
43961
_d
43961